000 00940nam a2200229Ia 4500
999 _c29434
_d29434
003 GCL
005 20240530102041.0
008 140319s1950 xxk b 000 0 ara d
040 _aGCL /
_cGCL
082 0 4 _a921.95/
_bج ف
100 1 _aجثرى، و. ك. س.
245 1 0 _aالفلاسفة الاغريق من طاليس الى ارسطو /
_cتاليف و. ك. س. جثرى ؛ ترجمة وتقديم رافت حليم سيف ؛ مراجعة امام عبدالفتاح امام
260 _aلندن :
_bشركة ميثون،
_c1995.
300 _a176 ص. ؛
_c20 سم.
504 _aيشتمل على ارجاعات ببليوجرافية
630 0 _aسقراط
650 0 7 _aالفلاسفة اليونانيون
_2qrmak
650 0 7 _aالفلسفة الاغريقية
_2qrmak
700 0 _aرافت حليم سيف
_eمترجم ومقدم
700 0 _aامام عبدالفتاح امام
_eمراجع
942 _2ddc
_cBK